00331cam a22001217a 4500008004000000082001200040245005500052260002800107300000800135650002100143650001800164700002700182180718b1967 xxu||||| |||| 00| 0 eng d aJ7 El24 aTaming megalopliscedited by H. Wentworth Elderdge aNew YorkbPraegerc1967 a2v. aCities and towns aCity planning aEldredge, H. Wentworth